000
00284nam a2200121Ia 4500
008
190216s9999||||xx |||||||||||||| ||und||
100
_a
Gopalakrishnan N S
245
0
_a
Boudhiga Koudhugam
260
_b
Prabhath Book House
_c
1993
300
_a
545p
650
_a
Physics
942
_c
BK
999
_c
33282
_d
33282